000 00641nam a2200229Ia 4500
003 OSt
005 20221006164905.0
006 a|||||r|||| 00| 0
007 ta
008 221006b |||||||| |||| 00| 0 hin d
024 _a4,647
037 _cTextual
040 _aFML
_cFML
_bhin
041 _2hin
_ahin
082 _aNR44, 3592, M6 -; 2
100 _aShah Jaisukh Lal Tribhuwan
_9678606
245 0 _aSarang Ke Prakar
260 _aMumbai
_bJaisukh Lal Tribhuwan Shah India
_c1986
300 _a278
_ccm.
942 _hNR44, 3592, M6 -; 2
_cTEXL
_2CC
999 _c1118840
_d1118840